1931 1865 1507 1584 1547 1481 1805 1389 1446 1109 1815 1790 1681 1862 1104 1376 1945 1864 1781 1950 1369 1912 1656 1124 1177 1387 1248 1728 1805 1249 1831 1944 1867 1226 1255 1976 1607 1797 1188 1365 1154 1358 1929 1332 1676 1642 1206 1281 1393 1721 1684 1272 1584 1554 1990 1138 1671 1547 1583 1333 1460 1766 1561 1740 1555 1602 1158 1530 1943 1514 1003 1076 1148 1274 1503 1990 1583 1629 1802 1096 1831 1596 1572 1731 1210 1447 1897 1888 1148 1776 1770 1614 1519 1495 1612 1678 1290 1430 1399 BCNSPRNW ULIB Ver.6.0+V

เปลี่ยนเป็นภาษาไทย

Change to English
 แสดงรายละเอียดบรรณานุกรม
  กลับหน้าหลัก

Brief Record : Get Marc (ISO 2709) : E-mail record : QR code < ปิดหน้าต่าง
LEADER : 00000nam 2200000uu 4500
001    13399108124
003     ULIB
008    110217s2544||||th 000 0 tha d
020    9746650211
060 04 WM100^bส247ต 2544
100 0  สมภพ เรืองตระกูล
245 10 ตำราจิตเวชสำหรับแพทย์เวชปฏิบัติทั่วไปอาการทางจิตเวชในผู้ป่วยโรคทางกาย /^cสมภพ เรืองตระกูล
250    พิมพ์ครั้งที่ 1
260    กรุงเทพฯ :^bคณะแพทยศาสตร์ศิริราชพยาบาล มหาวิทยาลัยมหิดล,^c2544
300    288 หน้า ;^c27 ซม.
650  7 การประกอบวิชาชีพเวชกรรม
650  7 จิตเวชศาสตร์
653    ผลงานอาจารย์คณะแพทยศาสตร์ศิริราชพยาบาล
710 2  มหาวิทยาลัยมหิดล. ^bคณะแพทยศาสตร์ศิริราชพยาบาล.^bภาควิชาจิตเวชศาสตร์
945    ^p350^l0^i017652
945    ^p350^l0^i014461
945    ^p350^l0^i014460
945    ^p350^l0^i014459
945    ^p350^l0^i014457
945    ^p350^l0^i014456
945    ^p350^l0^i014458
995    ทศพร
999 ^a ใช้งานได้ทุกระบบ
รายการนี้ยังไม่มีแท็ก
คุณยังไม่ได้ล็อกอิน คุณสามารถมีกิจกรรมร่วมกับเว็บไซต์ได้ แต่ต้องล็อกอินก่อน ::
  ล็อกอิน

รายการสื่อสารสนเทศ

ลำดับที่ ประเภท เลขเรียก/บาร์โค้ด สถานที่ สถานะ
- ไม่พบข้อมูล -

รายการใกล้เคียง
    ผู้แต่ง [สมภพ เรืองตระกูล]

    หัวเรื่อง [การประกอบวิชาชีพเวชกรรม]
    หัวเรื่อง [จิตเวชศาสตร์]

BibComment


ยังไม่เคยถูกคอมเมนท์

คอมเมนท์ทรัพยากรรายการนี้
  คอมเมนท์: ตำราจิตเวชสำหรับแ..


 Copyright 2026. Bcnsprnw @Library